000 00582nam a22001937a 4500
005 20180725120350.0
010 _aENG-123594
020 _c150.00
_a9788192225449
035 _aEN-107126
037 _bDBAD/PUB
082 _a881
100 _aThakore, Anand
245 _aElephant bathing /
_cby Anand Thakore
260 _aMumbai
_c2012
_bPoetrywala Media & Publishing
270 _a1701/1702, 6A - Whispering Plams, Lokhandwala Township, Kandivali (East)
_e400101
_bMumbai
300 _a80p.
_c22cm.(pbk)
650 _aPoems
942 _2ddc
_cEN
_h881
_mTHA
999 _c154785
_d154785